000
00176nam a2200073Ia 4500
008
170524s9999 xx 000 0 und d
100
_a
SINHA- PK
245
0
_a
COMPUTER FUNDAMENTALS
260
_b
BPB PUBLICATIONS
999
_c
8145
_d
8145